| 000 | 00436nam a2200181Ia 4500 | ||
|---|---|---|---|
| 008 | 090122s9999 xx 000 0 und d | ||
| 082 |
_b13417 _a823 |
||
| 100 |
_aLudium _bRobert _cand |
||
| 245 | _aThe Moscouo Vector | ||
| 260 |
_bOrion _c2005 |
||
| 300 | _a407 | ||
| 501 | _aDonation by Sudhir Choudhari | ||
| 600 | _aLudium | ||
| 630 | _aThe Moscouo Vector | ||
| 700 | _aLudium | ||
| 730 | _aThe Moscouo Vector | ||
| 942 | _cBOOK | ||
| 999 |
_c37494 _d37494 |
||